000 00672nam a2200193 i 4500
001 181429
003 ES-MaACL
005 20231017141911.0
008 130116s2011 sp |||| | spa d
080 _a629.735.4
100 1 _aLópez Ruiz, José Luis.
_973945
245 1 3 _aLa contribución española en las aeronaves de alas giratorias
_b: cuando las alas giran sobre la piel de toro /
_cJosé Luis López Ruiz.
260 _a[S.l.] :
_bEurocopter,
_c[2011]
300 _a293 p. :
_bil. ;
_c25 cm.
650 0 4 _aHelicópteros.
_913299
852 _aES-MaACL
_jA-12522
_9188329
_bR.148525
_cDEPO1
_dOlim: N-5526
942 _2udc
_cMONOGRAFIA
999 _c181429
_d181429